Gravity / (Record no. 5102)

MARC details
000 -LEADER
fixed length control field 00941nam a22002897a 4500
001 - CONTROL NUMBER
control field 5102
003 - CONTROL NUMBER IDENTIFIER
control field FISKH
005 - DATE AND TIME OF LATEST TRANSACTION
control field 20250530143326.0
008 - FIXED-LENGTH DATA ELEMENTS--GENERAL INFORMATION
fixed length control field 241106b cb ||||| |||| 00| 0 eng d
020 ## - INTERNATIONAL STANDARD BOOK NUMBER
International Standard Book Number 9780531284544
040 ## - CATALOGING SOURCE
Original cataloging agency FISKH
Language of cataloging eng
Transcribing agency FISKH
Modifying agency FISKH
050 ## - LIBRARY OF CONGRESS CALL NUMBER
Classification number QC178.M366
082 ## - DEWEY DECIMAL CLASSIFICATION NUMBER
Classification number 531.14
100 ## - MAIN ENTRY--PERSONAL NAME
Personal name Manolis, Kay
Dates associated with a name (1977-)
245 ## - TITLE STATEMENT
Title Gravity /
Statement of responsibility, etc. by Kay Manolis
250 ## - EDITION STATEMENT
Edition statement This edition first published in 2011
260 ## - PUBLICATION, DISTRIBUTION, ETC.
Place of publication, distribution, etc. Penn Avenue South :
Name of publisher, distributor, etc. Scholastic,
Date of publication, distribution, etc. 2011.
300 ## - PHYSICAL DESCRIPTION
Extent 24 pages :
Other physical details Color illustrations ;
Dimensions 23 cm
505 ## - FORMATTED CONTENTS NOTE
Formatted contents note R<br/>
520 ## - SUMMARY, ETC.
Summary, etc. "Simple text and full color photographs introduce beginning readers to gravity. Developed by literacy experts for students in kindergarten through third grade"--Provided by publisher.
521 8# - TARGET AUDIENCE NOTE
Target audience note 780L<br/>
Source Lexile<br/>
521 8# - TARGET AUDIENCE NOTE
Target audience note R<br/>
Source Raz-plus<br/>
650 ## - SUBJECT ADDED ENTRY--TOPICAL TERM
Source of heading or term Science
Topical term or geographic name entry element Non-fiction
650 ## - SUBJECT ADDED ENTRY--TOPICAL TERM
Source of heading or term January
Topical term or geographic name entry element Gravity
942 ## - ADDED ENTRY ELEMENTS (KOHA)
Source of classification or shelving scheme Dewey Decimal Classification
Koha item type Books
Suppress in OPAC No
Holdings
Withdrawn status Lost status Source of classification or shelving scheme Damaged status Not for loan Collection Home library Current library Shelving location Date acquired Total Checkouts Full call number Barcode Date last seen Copy number Price effective from Koha item type
    Dewey Decimal Classification     Non-Fiction Footprints International School Library Network Toul Kork Campus Footprints International School Library Network Toul Kork Campus TK Primary Library Room(4th Floor), Bookcase 5&6, Shelves 33-56, Orange Books 11/06/2024   MAN 531.14 QC178.M366 2024-2290 11/06/2024 1 11/06/2024 Books
    Dewey Decimal Classification     Non-Fiction Footprints International School Library Network Toul Kork Campus Footprints International School Library Network Toul Kork Campus TK Primary Library Room(4th Floor), Bookcase 5&6, Shelves 33-56, Orange Books 05/30/2025   MAN 531.14 QC178.M366 FISBK02412 05/30/2025 2 05/30/2025 Books